|
|
|
|
| LEADER |
02115nam a22005535i 4500 |
| 001 |
978-0-387-37622-6 |
| 003 |
DE-He213 |
| 005 |
20151204160219.0 |
| 007 |
cr nn 008mamaa |
| 008 |
100301s2006 xxu| s |||| 0|eng d |
| 020 |
|
|
|a 9780387376226
|9 978-0-387-37622-6
|
| 024 |
7 |
|
|a 10.1007/0-387-37622-4
|2 doi
|
| 040 |
|
|
|d GrThAP
|
| 050 |
|
4 |
|a QB980-991
|
| 072 |
|
7 |
|a PHR
|2 bicssc
|
| 072 |
|
7 |
|a SCI015000
|2 bisacsh
|
| 082 |
0 |
4 |
|a 523.1
|2 23
|
| 100 |
1 |
|
|a Keel, William C.
|e author.
|
| 245 |
1 |
4 |
|a The Sky at Einstein’s Feet
|h [electronic resource] /
|c by William C. Keel.
|
| 264 |
|
1 |
|a New York, NY :
|b Springer New York,
|c 2006.
|
| 300 |
|
|
|a XIII, 246 p. 50 illus.
|b online resource.
|
| 336 |
|
|
|a text
|b txt
|2 rdacontent
|
| 337 |
|
|
|a computer
|b c
|2 rdamedia
|
| 338 |
|
|
|a online resource
|b cr
|2 rdacarrier
|
| 347 |
|
|
|a text file
|b PDF
|2 rda
|
| 490 |
1 |
|
|a Springer Praxis Books
|
| 505 |
0 |
|
|a The sky at Einstein’s feet -- Bookkeeping at the speed of light -- Relativistic Matter -- From shifting stars to multiple quasars -- Through the gravitational telescope -- The stars themselves -- Extreme spacetime bending: black holes -- The shape of Einstein’s Universe -- The view from Einstein’s shoulders.
|
| 650 |
|
0 |
|a Physics.
|
| 650 |
|
0 |
|a Gravitation.
|
| 650 |
|
0 |
|a Astronomy.
|
| 650 |
|
0 |
|a Astrophysics.
|
| 650 |
|
0 |
|a Cosmology.
|
| 650 |
|
0 |
|a Observations, Astronomical.
|
| 650 |
|
0 |
|a Astronomy
|x Observations.
|
| 650 |
|
0 |
|a Space sciences.
|
| 650 |
1 |
4 |
|a Physics.
|
| 650 |
2 |
4 |
|a Cosmology.
|
| 650 |
2 |
4 |
|a Extraterrestrial Physics, Space Sciences.
|
| 650 |
2 |
4 |
|a Astronomy, Observations and Techniques.
|
| 650 |
2 |
4 |
|a Astrophysics and Astroparticles.
|
| 650 |
2 |
4 |
|a Astronomy, Astrophysics and Cosmology.
|
| 650 |
2 |
4 |
|a Classical and Quantum Gravitation, Relativity Theory.
|
| 710 |
2 |
|
|a SpringerLink (Online service)
|
| 773 |
0 |
|
|t Springer eBooks
|
| 776 |
0 |
8 |
|i Printed edition:
|z 9780387261300
|
| 830 |
|
0 |
|a Springer Praxis Books
|
| 856 |
4 |
0 |
|u http://dx.doi.org/10.1007/0-387-37622-4
|z Full Text via HEAL-Link
|
| 912 |
|
|
|a ZDB-2-PHA
|
| 950 |
|
|
|a Physics and Astronomy (Springer-11651)
|